<?xml version='1.0' encoding='UTF-8'?>
  <record xmlns="http://www.loc.gov/MARC21/slim">
    <leader>00000cam a22000007i 4500</leader>
    <controlfield tag="001">ocn907612858</controlfield>
    <controlfield tag="003">OCoLC</controlfield>
    <controlfield tag="005">20251009003247.6</controlfield>
    <controlfield tag="008">861211s1865    ne            000 0 dut d</controlfield>
    <datafield tag="040" ind1=" " ind2=" ">
      <subfield code="a">NLGGC</subfield>
      <subfield code="b">dut</subfield>
      <subfield code="e">fobidrtb</subfield>
      <subfield code="c">NLGGC</subfield>
      <subfield code="d">OCLCO</subfield>
      <subfield code="d">OCLCL</subfield>
      <subfield code="d">OCLCQ</subfield>
    </datafield>
    <datafield tag="029" ind1="0" ind2=" ">
      <subfield code="a">NLGGC</subfield>
      <subfield code="b">865765375</subfield>
    </datafield>
    <datafield tag="035" ind1=" " ind2=" ">
      <subfield code="a">(OCoLC)907612858</subfield>
    </datafield>
    <datafield tag="041" ind1="1" ind2=" ">
      <subfield code="a">dut</subfield>
      <subfield code="h">fre</subfield>
    </datafield>
    <datafield tag="060" ind1="1" ind2="4">
      <subfield code="a">W6</subfield>
      <subfield code="b">P3 v.7481 box 232 no.15</subfield>
    </datafield>
    <datafield tag="100" ind1="1" ind2=" ">
      <subfield code="a">Bouley, Henri Marie,</subfield>
      <subfield code="d">1814-1885.</subfield>
      <subfield code="1">https://id.oclc.org/worldcat/entity/E39PBJtRHx8gWYVk6pvRd3p773</subfield>
    </datafield>
    <datafield tag="245" ind1="1" ind2="0">
      <subfield code="a">Honds-dolheid :</subfield>
      <subfield code="b">over de kenteekenen of verschijnselen dezer ziekte bij den hond : een handboekje waarin alle hondenliefhebbers en vooral houders van huis- of schoothonden oplettend worden gemaakt op de eerste, weinig bekende en dus zeer bedriegelijke verschijnselen dezer ziekte, als het beste middel om besmetting van den mensch en verdere verbreiding dezer vreeselijke ziekte te voorkomen /</subfield>
      <subfield code="c">door H. Bouley ; vert. [uit het Fransch] door F.C. Hekmeijer.</subfield>
    </datafield>
    <datafield tag="260" ind1=" " ind2=" ">
      <subfield code="a">Utrecht :</subfield>
      <subfield code="b">Broese,</subfield>
      <subfield code="c">1865.</subfield>
    </datafield>
    <datafield tag="300" ind1=" " ind2=" ">
      <subfield code="a">46 p. ;</subfield>
      <subfield code="c">18 cm.</subfield>
    </datafield>
    <datafield tag="336" ind1=" " ind2=" ">
      <subfield code="a">tekst</subfield>
      <subfield code="b">txt</subfield>
      <subfield code="2">rdacontent/dut</subfield>
    </datafield>
    <datafield tag="337" ind1=" " ind2=" ">
      <subfield code="a">zonder medium</subfield>
      <subfield code="b">n</subfield>
      <subfield code="2">rdamedia/dut</subfield>
    </datafield>
    <datafield tag="338" ind1=" " ind2=" ">
      <subfield code="a">band</subfield>
      <subfield code="b">nc</subfield>
      <subfield code="2">rdacarrier/dut</subfield>
    </datafield>
    <datafield tag="530" ind1=" " ind2=" ">
      <subfield code="a">Ook beschikbaar in microvorm.</subfield>
    </datafield>
    <datafield tag="530" ind1=" " ind2=" ">
      <subfield code="a">Titel is geselecteerd voor digitalisering voor de Universiteit van Amsterdam in het kader van het Google Books-project.</subfield>
    </datafield>
    <datafield tag="700" ind1="1" ind2=" ">
      <subfield code="a">Hekmeijer, F.C.</subfield>
      <subfield code="q">(Franciscus Cornelis),</subfield>
      <subfield code="d">1809-1886.</subfield>
      <subfield code="1">https://id.oclc.org/worldcat/entity/E39PCjthMfkWdVFvym9VDxF8BX</subfield>
    </datafield>
    <datafield tag="758" ind1=" " ind2=" ">
      <subfield code="a">Honds-dolheid (Text)</subfield>
      <subfield code="1">https://id.oclc.org/worldcat/entity/E39PCGp764V6BKPpbDyc33PFw3</subfield>
      <subfield code="4">https://id.oclc.org/worldcat/ontology/hasWork</subfield>
    </datafield>
    <datafield tag="776" ind1="0" ind2=" ">
      <subfield code="t">Honds-dolheid</subfield>
      <subfield code="w">(NL-LeOCL)397017359</subfield>
    </datafield>
    <datafield tag="776" ind1="0" ind2=" ">
      <subfield code="t">Honds-dolheid</subfield>
      <subfield code="w">(NL-LeOCL)40206738X</subfield>
    </datafield>
    <datafield tag="936" ind1=" " ind2=" ">
      <subfield code="a">BATCHLOAD</subfield>
    </datafield>
  </record>